| 000 | 00770nam a2200193 a 4500 | ||
|---|---|---|---|
| 003 | 0 | ||
| 005 | 20250521070945.0 | ||
| 008 | 030519s19uu xx 00 eng d | ||
| 050 |
_aPHS HE 5620.D53 _b.R43 2003 |
||
| 100 | _aRecaña, Ferdinand Jr. F. | ||
| 245 |
_aThe Common violations of young drivers of Las Piñas City / _cFerdinand F. Recaña Jr. |
||
| 260 |
_aLas Piñas City, Philippines : _bSouthville International School and Colleges, _c2003. |
||
| 300 |
_a27 pages : _billustrations ; _c28 cm. |
||
| 504 | _aIncludes bibliographical references. | ||
| 650 |
_aTraffic violations _zPhilippines _zLas Piñas City. |
||
| 650 |
_aYoung adults _xConduct of life _zPhilippines _zLas Piñas City. |
||
| 650 |
_aTeenage automobile drivers _zPhilippines. |
||
| 942 |
_2lcc _cPASS |
||
| 999 |
_c96808 _d96808 |
||